[Event "Bogota El Tablazo op-B"]
[Site "Bogota"]
[Date "2022.06.25"]
[Round "2.7"]
[White "Bustos Acosta, Isauro"]
[Black "Mora Suarez, Juan Felipe"]
[Result "0-1"]
[WhiteElo "1721"]
[BlackElo "1903"]
[PlyCount "46"]
[EventDate "2022.06.24"]
[EventType "swiss"]
[EventRounds "7"]
[EventCountry "COL"]
[SourceTitle "EXT 2024"]
[Source "ChessBase"]
[SourceDate "2023.10.10"]
[SourceVersion "1"]
[SourceVersionDate "2023.10.10"]
[SourceQuality "1"]

1. c4 g6 2. Nc3 c5 3. Nf3 Bg7 4. e3 Nf6 5. d4 cxd4 6. exd4 d5 7. Qb3 dxc4 8. Qxc4 0-0 9. Be2 Be6 10. Qa4 Nc6 11. h3 Nd5 12. Qd1 Qa5 13. Bd2 Qb6 14. Na4 Qd8 15. Be3 Nxe3 16. fxe3 Bf5 17. 0-0 e5 18. d5 Nb4 19. Nc3 Qb6 20. Qb3 Qxe3+ 21. Kh1 Nc2 22. Rad1 Nd4 23. Nxd4 exd4 0-1

[Event "COL-ch sf"]
[Site "Bogota"]
[Date "2020.11.12"]
[Round "1"]
[White "Mora Suarez, Juan Felipe"]
[Black "Ruiz Castillo, Joshua Daniel"]
[Result "0-1"]
[WhiteElo "1884"]
[BlackElo "2498"]
[PlyCount "52"]
[EventDate "2020.11.12"]
[EventType "swiss"]
[EventRounds "8"]
[EventCountry "COL"]
[SourceTitle "CBM 199 Extra"]
[Source "ChessBase"]
[SourceDate "2021.01.31"]
[SourceVersion "1"]
[SourceVersionDate "2021.01.31"]
[SourceQuality "1"]

1. d4 Nf6 2. Bg5 e6 3. e4 h6 4. Bxf6 Qxf6 5. Nc3 d6 6. Qd2 Qd8 7. f4 Be7 8. Nf3 Nd7 9. Bd3 a6 10. a4 b6 11. 0-0 Bb7 12. Rae1 0-0 13. Qf2 c5 14. d5 exd5 15. Nxd5 Bxd5 16. exd5 Nf6 17. c4 Re8 18. Qg3 Qd7 19. Ne5 dxe5 20. fxe5 Qg4 21. Qf2 Qh5 22. exf6 Bxf6 23. Rxe8+ Rxe8 24. Re1 Be5 25. g3 g6 26. Qe2 Bd4+ 0-1

[Event "COL-chC"]
[Site "Bogota"]
[Date "2019.08.28"]
[Round "1"]
[White "Vargas, Eduar Misael"]
[Black "Mora Suarez, Juan Felipe"]
[Result "0-1"]
[WhiteElo "1954"]
[BlackElo "1860"]
[PlyCount "102"]
[EventDate "2019.08.28"]
[EventType "swiss"]
[EventRounds "7"]
[EventCountry "COL"]
[SourceTitle "EXT 2020"]
[Source "ChessBase"]
[SourceDate "2019.10.17"]
[SourceVersion "1"]
[SourceVersionDate "2019.10.17"]
[SourceQuality "1"]

1. d4 Nf6 2. c4 g6 3. Nc3 d5 4. cxd5 Nxd5 5. e4 Nxc3 6. bxc3 Bg7 7. Bc4 c5 8. Ne2 Nc6 9. Be3 0-0 10. 0-0 Bg4 11. f3 Na5 12. Bxf7+ Rxf7 13. fxg4 Rxf1+ 14. Kxf1 cxd4 15. cxd4 e5 16. Kg1 Rc8 17. dxe5 Nc4 18. Qxd8+ Rxd8 19. Bxa7 Nxe5 20. Bd4 Nxg4 21. Bxg7 Kxg7 22. h3 Rd2 23. Re1 Ne5 24. Nc3 Rc2 25. Re3 Nc4 26. Rd3 Ne5 27. Rg3 Kf7 28. a4 Ke6 29. Nb5 Rc4 30. Nc3 Nd7 31. Kf1 Nc5 32. Ke2 b6 33. Kd2 g5 34. Rf3 Rb4 35. Rf5 Rb2+ 36. Ke3 Rxg2 37. Rf3 Nd7 38. Nb5 Ne5 39. Nd4+ Ke7 40. Nf5+ Kd7 41. Rf1 Ra2 42. Rd1+ Kc7 43. Rc1+ Kd7 44. Rd1+ Kc8 45. Ne7+ Kb7 46. Kd4 Nf3+ 47. Kc4 Rxa4+ 48. Kb5 Ra5+ 49. Kb4 Re5 50. Rd7+ Ka6 51. Nc8 Rxe4+ 0-1

[Event "Tunja Boyacense op"]
[Site "Tunja"]
[Date "2018.12.16"]
[Round "6"]
[White "Rojas Castillo, Leibnitz Edison"]
[Black "Mora Suarez, Juan Felipe"]
[Result "0-1"]
[WhiteElo "1623"]
[BlackElo "1833"]
[PlyCount "28"]
[EventDate "2018.12.13"]
[EventType "swiss"]
[EventRounds "7"]
[EventCountry "COL"]
[SourceTitle "CBM 187 Extra"]
[Source "ChessBase"]
[SourceDate "2018.11.04"]
[SourceVersion "1"]
[SourceVersionDate "2018.11.04"]
[SourceQuality "1"]

1. e4 c5 2. Nf3 Nc6 3. d4 cxd4 4. Nxd4 g6 5. Nc3 Bg7 6. Be3 Nf6 7. Bb5 0-0 8. 0-0 a6 9. Bd3 d6 10. Qd2 Ng4 11. Nxc6 bxc6 12. h3 Nxe3 13. fxe3 Rb8 14. b3 Qa5 0-1

[Event "Tunja Boyacense op"]
[Site "Tunja"]
[Date "2018.12.14"]
[Round "2"]
[White "Gonzalez Lopez, Nicolas Mateo"]
[Black "Mora Suarez, Juan Felipe"]
[Result "1-0"]
[WhiteElo "2186"]
[BlackElo "1833"]
[PlyCount "59"]
[EventDate "2018.12.13"]
[EventType "swiss"]
[EventRounds "7"]
[EventCountry "COL"]
[SourceTitle "CBM 187 Extra"]
[Source "ChessBase"]
[SourceDate "2018.11.04"]
[SourceVersion "1"]
[SourceVersionDate "2018.11.04"]
[SourceQuality "1"]

1. e4 c5 2. Nf3 Nc6 3. Bb5 g6 4. Bxc6 dxc6 5. d3 Bg7 6. h3 Nf6 7. 0-0 0-0 8. Bd2 Nd7 9. Bc3 e5 10. Nbd2 f6 11. a3 a5 12. a4 Nb8 13. Qe2 Qc7 14. Qe3 b6 15. Kh1 Na6 16. Nc4 Be6 17. g4 Bxc4 18. dxc4 Rad8 19. Rad1 Qe7 20. Qe2 Nc7 21. Rxd8 Rxd8 22. Rd1 Ne6 23. Rxd8+ Qxd8 24. Bd2 Kf7 25. Kg2 Nd4 26. Qd3 Ke7 27. Nxd4 Qxd4 28. Qxd4 cxd4 29. c5 bxc5 30. Bxa5 1-0

[Event "COL-ch U1800"]
[Site "Moniquira"]
[Date "2018.07.20"]
[Round "2"]
[White "Mora Suarez, Juan Felipe"]
[Black "Zambrano Vargas, Jesus Andres"]
[Result "1-0"]
[WhiteElo "1769"]
[BlackElo "1643"]
[PlyCount "44"]
[EventDate "2018.07.19"]
[EventType "swiss"]
[EventRounds "7"]
[EventCountry "COL"]
[SourceTitle "CBM 187 Extra"]
[Source "ChessBase"]
[SourceDate "2018.11.04"]
[SourceVersion "1"]
[SourceVersionDate "2018.11.04"]
[SourceQuality "1"]

1. d4 d5 2. c4 e6 3. Nf3 Nf6 4. g3 c6 5. Bg2 Bb4+ 6. Bd2 Be7 7. Qc2 0-0 8. 0-0 Nbd7 9. Bf4 Nh5 10. Nbd2 Nxf4 11. gxf4 Nf6 12. Ne5 Bd6 13. e3 Bxe5 14. fxe5 Nh5 15. f4 g6 16. Rf3 b6 17. Rh3 Bb7 18. Nf3 Ng7 19. Ng5 Nf5 20. Nxh7 f6 21. Nxf6+ Rxf6 22. exf6 Qxf6 1-0

[Event "Bogota sf3 U18"]
[Site "Bogota"]
[Date "2018.03.31"]
[Round "4.4"]
[White "Mora Suarez, Juan Felipe"]
[Black "Mogollon Tobar, Nicolle Juliet"]
[Result "1-0"]
[WhiteElo "1793"]
[BlackElo "1389"]
[PlyCount "63"]
[EventDate "2018.03.29"]
[EventType "swiss"]
[EventRounds "6"]
[EventCountry "COL"]
[SourceTitle "EXT 2024"]
[Source "ChessBase"]
[SourceDate "2023.10.10"]
[SourceVersion "1"]
[SourceVersionDate "2023.10.10"]
[SourceQuality "1"]

1. c4 e5 2. g3 Nf6 3. Bg2 c6 4. Nc3 Bb4 5. a3 Bxc3 6. dxc3 h6 7. Qd6 Qe7 8. c5 Qxd6 9. cxd6 0-0 10. Be3 Re8 11. Rd1 b6 12. c4 Na6 13. b4 Bb7 14. Nf3 Rac8 15. Nh4 Kh7 16. h3 g6 17. g4 Re6 18. 0-0 Ne8 19. c5 bxc5 20. bxc5 e4 21. f3 exf3 22. Rxf3 Kg7 23. Rdf1 f6 24. Bd4 Rxe2 25. Bxf6+ Nxf6 26. Rxf6 Nxc5 27. Rxg6+ Kh7 28. Rf7+ Kh8 29. Rxh6+ Kg8 30. Rhh7 Re6 31. Rfg7+ Kf8 32. Nf5 1-0

[Event "COL-ch Amateur U2000"]
[Site "Bogota"]
[Date "2017.03.05"]
[Round "7"]
[White "Benavides Moncayo, Olga"]
[Black "Mora Suarez, Juan Felipe"]
[Result "0-1"]
[WhiteElo "1891"]
[BlackElo "1798"]
[PlyCount "89"]
[EventDate "2017.03.02"]
[EventType "swiss"]
[EventRounds "7"]
[EventCountry "COL"]
[SourceTitle "CBM 177 Extra"]
[Source "ChessBase"]
[SourceDate "2017.04.27"]
[SourceVersion "1"]
[SourceVersionDate "2017.04.27"]
[SourceQuality "1"]

1. e4 d5 2. exd5 Qxd5 3. Nc3 Qa5 4. d4 Nf6 5. Bd2 c6 6. Ne4 Qb6 7. Nxf6+ exf6 8. Bc3 Be6 9. Bd3 Nd7 10. a4 Bb4 11. Qd2 Bxc3 12. Qxc3 0-0 13. Ne2 Rac8 14. b4 Qc7 15. 0-0 Rfe8 16. Rfb1 Nb6 17. a5 Nd5 18. Qd2 Rcd8 19. c4 Ne7 20. Qc2 Nf5 21. Rd1 g6 22. Qb2 Qd6 23. d5 cxd5 24. Bxf5 Bxf5 25. Rxd5 Qe6 26. Ng3 Rxd5 27. cxd5 Qxd5 28. Qxf6 Qe5 29. Qxe5 Rxe5 30. f4 Rb5 31. Nxf5 Rxf5 32. g3 Rb5 33. Rb1 Kf8 34. Kf2 Ke7 35. Ke3 Kd6 36. Ke4 f5+ 37. Kd4 Rd5+ 38. Kc3 Kc6 39. Kc4 Rd2 40. h3 Rc2+ 41. Kd4 a6 42. Rg1 Re2 43. Kc4 Re4+ 44. Kc3 Kb5 45. Rd1 0-1

[Event "COL-ch Amateur U2000"]
[Site "Bogota"]
[Date "2017.03.03"]
[Round "2"]
[White "Mora Suarez, Juan Felipe"]
[Black "Vargas, David"]
[Result "1-0"]
[WhiteElo "1798"]
[BlackElo "1992"]
[PlyCount "67"]
[EventDate "2017.03.02"]
[EventType "swiss"]
[EventRounds "7"]
[EventCountry "COL"]
[SourceTitle "CBM 177 Extra"]
[Source "ChessBase"]
[SourceDate "2017.04.27"]
[SourceVersion "1"]
[SourceVersionDate "2017.04.27"]
[SourceQuality "1"]

1. d4 Nf6 2. Bg5 Ne4 3. Bf4 d5 4. f3 Nf6 5. e4 dxe4 6. Nc3 exf3 7. Nxf3 c6 8. Bc4 e6 9. Qe2 Be7 10. 0-0-0 0-0 11. Ne5 b5 12. Bd3 Qa5 13. Kb1 b4 14. Ne4 Nd5 15. Qh5 g6 16. Qh6 Nxf4 17. Qxf4 f6 18. Nc4 Qd8 19. Qe3 Na6 20. h4 Nc7 21. h5 Nd5 22. Qh6 g5 23. Nxg5 Rf7 24. Nxf7 Kxf7 25. Bg6+ hxg6 26. Qxg6+ Kf8 27. h6 Nf4 28. Qg7+ Ke8 29. h7 Kd7 30. h8Q Qc7 31. Rh7 Nd5 32. Qhf8 Qd8 33. Qxd8+ Kxd8 34. Ne3 1-0

[Event "COL-ch sf2 U16"]
[Site "Cartagena"]
[Date "2016.04.30"]
[Round "4.2"]
[White "Mora Suarez, Juan Felipe"]
[Black "Marcial Torres, Jesus"]
[Result "0-1"]
[WhiteElo "1703"]
[BlackElo "2037"]
[PlyCount "68"]
[EventDate "2016.04.28"]
[EventType "swiss"]
[EventRounds "6"]
[EventCountry "COL"]
[SourceTitle "EXT 2024"]
[Source "ChessBase"]
[SourceDate "2023.10.10"]
[SourceVersion "1"]
[SourceVersionDate "2023.10.10"]
[SourceQuality "1"]

1. d4 e6 2. Nf3 f5 3. g3 Nf6 4. Bg2 Be7 5. c4 0-0 6. Nc3 Bb4 7. Bd2 c5 8. a3 cxd4 9. Nxd4 Bxc3 10. Bxc3 Nc6 11. Nb5 a6 12. Nd6 Qc7 13. Bxf6 gxf6 14. b4 Ne5 15. c5 Rb8 16. Rc1 a5 17. b5 b6 18. cxb6 Qxb6 19. a4 Nf7 20. Nc4 Qa7 21. Qd2 d5 22. Nb2 Bd7 23. 0-0 Rfc8 24. Nd3 Kg7 25. h4 Nd6 26. Nb2 Qb6 27. Kh2 Rxc1 28. Qxc1 Rc8 29. Qd2 Nc4 30. Nxc4 Rxc4 31. Ra1 Qxf2 32. Qxa5 f4 33. g4 f3 34. exf3 Rc2 0-1

[Event "COL-ch sf2 U16"]
[Site "Cartagena"]
[Date "2016.04.29"]
[Round "2.3"]
[White "Mora Suarez, Juan Felipe"]
[Black "Cabrera, Alexis Jr"]
[Result "1-0"]
[WhiteElo "1703"]
[BlackElo "1498"]
[PlyCount "79"]
[EventDate "2016.04.28"]
[EventType "swiss"]
[EventRounds "6"]
[EventCountry "COL"]
[SourceTitle "EXT 2024"]
[Source "ChessBase"]
[SourceDate "2023.10.10"]
[SourceVersion "1"]
[SourceVersionDate "2023.10.10"]
[SourceQuality "1"]

1. d4 d5 2. c4 Nf6 3. Nf3 Bg4 4. Ne5 e6 5. Bg5 Be7 6. Bxf6 Bb4+ 7. Nc3 Qxf6 8. Nxg4 Qf5 9. e3 0-0 10. Bd3 Qg5 11. h4 Qe7 12. Qc2 f5 13. Ne5 Nd7 14. Nxd7 Qxd7 15. a3 dxc4 16. Bxc4 b5 17. Ba2 Bd6 18. Qb3 f4 19. Qxe6+ Qxe6 20. Bxe6+ Kh8 21. e4 a6 22. e5 Be7 23. Nd5 Bd8 24. Rc1 Ra7 25. Rc6 a5 26. Bd7 b4 27. a4 Rf7 28. e6 Re7 29. Nxe7 Bxe7 30. b3 Kg8 31. Ke2 g5 32. hxg5 Bxg5 33. Rh5 Bf6 34. Re5 Bxe5 35. dxe5 Kf8 36. Kf3 Ke7 37. Kxf4 Ra8 38. Ke4 Rd8 39. f4 Rxd7 40. exd7 1-0

[Event "Bogota Region-ch U16"]
[Site "Bogota"]
[Date "2015.02.07"]
[Round "1.4"]
[White "Mora Suarez, Juan Felipe"]
[Black "Leon Morales, Gustavo"]
[Result "0-1"]
[WhiteElo "1522"]
[BlackElo "1833"]
[PlyCount "48"]
[EventDate "2015.02.07"]
[EventType "swiss"]
[EventRounds "6"]
[EventCountry "COL"]
[SourceTitle "EXT 2024"]
[Source "ChessBase"]
[SourceDate "2023.10.10"]
[SourceVersion "1"]
[SourceVersionDate "2023.10.10"]
[SourceQuality "1"]

1. d4 Nf6 2. Bg5 e6 3. Bxf6 Qxf6 4. e4 e5 5. d5 Bc5 6. Nf3 d6 7. Nbd2 g5 8. Nb3 Bb6 9. Qd2 g4 10. Qg5 Qxg5 11. Nxg5 h6 12. Nxf7 Kxf7 13. Bc4 Nd7 14. 0-0-0 Nc5 15. Nd2 Kg6 16. Rdf1 Na4 17. b3 Nc3 18. Kb2 Bd4 19. Nb1 Nxe4+ 20. c3 Bb6 21. Bd3 Bf5 22. f3 Nf2 23. Bxf5+ Kxf5 24. fxg4+ Kg6 0-1